• 首页
  • 本馆介绍
  • 公告通知
  • 最新文献
  • 馆藏检索
  • 电子资源
  • 读者导购
  • 参考咨询
  • 我的图书馆
  • 登录
  • 详细信息显示
  • 放入我的书架
  • 预约/预借图书
  • 作者相关作品
  • 分类相关作品
  • 丛书相关作品
  • 出版社相关作品

书目信息

  • 表格格式
  • 工作单格式
  • 卡片格式
题名:
命如蒿草
    
 
作者: 赵殷 著
分册:  
出版信息: 北京   文化发展出版社  2016
页数: 121页
开本: 19cm
丛书名:
单 册:
中图分类: I227.6
科图分类:
主题词: 散文诗--san wen shi--诗集--中国--当代
电子资源:
ISBN: 978-7-5142-1493-2
000 00991nam0 2200241 450
001 2151096581
005 20211018173724.0
010    @a978-7-5142-1493-2@b精装@dCNY36.00
100    @a20181129d2016 em y0chiy50 ea
101 0  @achi
102    @aCN@b110000
105    @ay z 000zy
106    @ar
200 1  @a命如蒿草@Aming ru hao cao@f赵殷著
210    @a北京@c文化发展出版社@d2016
215    @a121页@d19cm
300    @a《北京文学》2013年~2014年重点优秀作品 散文诗歌卷
330    @a本书是一部散文诗歌合集。本书共收录《谁能够让你站起来》《命如蒿草》《小孩,男人,狗》《亲爱的花朵》《且行且吟》《东方集》《于坚的诗》7篇散文诗歌作品。其中赵殷的《命如蒿草》以对比的手法,写了7个以“蒿”为名的乡村女孩,她们在上学时充满美好愿景,而走上社会却充满艰辛、命运起伏,饱受种种辛酸,小说很有现实意义和深刻内涵。
606 0  @a散文诗@Asan wen shi@x诗集@y中国@z当代
690    @aI227.6@v5
701  0 @a赵殷@Azhao yin@4著
801  0 @aCN@b百万庄@c20211016
905    @b1309604-07@dI227.6@e773@f4
    
    命如蒿草/赵殷著.-北京:文化发展出版社,2016
    121页;19cm
    《北京文学》2013年~2014年重点优秀作品 散文诗歌卷
    
    ISBN 978-7-5142-1493-2(精装):CNY36.00
    本书是一部散文诗歌合集。本书共收录《谁能够让你站起来》《命如蒿草》《小孩,男人,狗》《亲爱的花朵》《且行且吟》《东方集》《于坚的诗》7篇散文诗歌作品。其中赵殷的《命如蒿草》以对比的手法,写了7个以“蒿”为名的乡村女孩,她们在上学时充满美好愿景,而走上社会却充满艰辛、命运起伏,饱受种种辛酸,小说很有现实意义和深刻内涵。
●
相关链接 在E读中查询图书 在五车中查询图书 在当当中查询图书 在豆瓣中查询图书


正题名:命如蒿草     索取号:I227.6/773         预约/预借

序号 登录号 条形码 馆藏地/架位号 状态 备注
1 1309604   213096040   第一样本阅览室/ [索取号:I227.6/773] 在馆    
2 1309605   213096059   第二借阅区/ [索取号:I227.6/773] 在馆    
3 1309606   213096068   第二借阅区/ [索取号:I227.6/773] 在馆    
4 1309607   213096077   第二借阅区/ [索取号:I227.6/773] 在馆    
唐山师范学院图书馆 欢迎您!
大连网信软件有限公司© 版权所有